Normal view
MARC view
- Essays in the Morphlogy of Language and its Application to Literacy-Language
Entry Topical Term
001 - CONTROL NUMBER
- control field: 1636
003 - CONTROL NUMBER IDENTIFIER
- control field: JO-AjAnu
005 - DATE AND TIME OF LATEST TRANSACTION
- control field: 20230606070554.0
008 - FIXED-LENGTH DATA ELEMENTS
- fixed length control field: 230606|| aca||aabn | a|a d
040 ## - CATALOGING SOURCE
- Original cataloging agency: JO-AjAnu
- Transcribing agency: JO-AjAnu
150 ## - HEADING--TOPICAL TERM
- Topical term or geographic name entry element: Essays in the Morphlogy of Language and its Application to Literacy-Language
670 ## - SOURCE DATA FOUND
- Source citation: Work cat.: (JO-AjAnu)858: تاليف Born,E.Neville; م.مشارك Daryl J.Brown, author 1635, Meaning, Morphemes and Literacy: Essays in the Morphlogy of Language and its Application to Literacy